Концепт "ворог" у промовах екс-премєр-міністра Великобританії, Маргарет Тетчер (Запис № 284211)

МАРК-запис
000 -LEADER
fixed length control field 01855nam a22001577a 4500
041 ## - LANGUAGE CODE
Language code of text/sound track or separate title ukr
080 ## - UNIVERSAL DECIMAL CLASSIFICATION NUMBER
Universal Decimal Classification number 09
090 ## - LOCALLY ASSIGNED LC-TYPE CALL NUMBER (OCLC); LOCAL CALL NUMBER (OCLC)
Local cutter number (OCLC) ; Book number/undivided call number, CALL (RLIN) МАЗ
100 ## - MAIN ENTRY--PERSONAL NAME
Personal name Мазурок Т.М.
245 ## - TITLE STATEMENT
Title Концепт "ворог" у промовах екс-премєр-міністра Великобританії, Маргарет Тетчер
260 ## - PUBLICATION, DISTRIBUTION, ETC. (IMPRINT)
Place of publication, distribution, etc Острог
Name of publisher, distributor, etc КАФ
Date of publication, distribution, etc 2009
300 ## - PHYSICAL DESCRIPTION
Extent 63
520 ## - SUMMARY, ETC.
Summary, etc ВСТУП<br/>РОЗДІЛ 1 ПОЛІТИЧНИЙ ДИСКУРС ЯК ОБЄКТ ЛІНГВІСТИЧНОГО АНАЛІЗУ<br/>1.1 Політичний дискурс як обєкт лінгвістичного аналізу.<br/>1.2 Особливості та функції політичного дискурсу.<br/>1.3 Модель маніпуляційного впливу в політичному дискурсі.<br/>1.4 Протиставлення "свій\чужий" у політичному дискурсі.<br/>РОЗДІЛ 2 ЛЕКСИКО-СТИЛІСТИЧНІ ЗАСОБИ ВИРАЖЕННЯ ПОЛІТИЧНОЇ ДУМКИ У ПРОМОВАХ МАРГАРЕТ ТЕТЧЕР<br/>2.2 Стилістичні фігури заміни.<br/>2.1 Синтаксичні стилістичні фігури.<br/>2.3 Стилістичні фігури комбінації.<br/>РОЗДІЛ 3 КОНЦЕПТ "ВОРОГ" У ПРОМОВАХ МАРГАРЕТ ТЕТЧЕР<br/>3.1 Підходи до визначення концепту.<br/>3.2 Когнітивний аналіз лексики на позначення концепту "ворог" у промовах Маргарет Тетчер.<br/>3.3 Семантичне групування лексики концепту "ворог" у промовах Маргарет Тетчер.<br/>ВИСНОВКИ
-- політичний дискурс,М.Тетчер,промови,
650 ## - SUBJECT ADDED ENTRY--TOPICAL TERM
Topical term or geographic name as entry element Research Papers
942 ## - ADDED ENTRY ELEMENTS (KOHA)
Koha item type Книги
Фонди
Withdrawn status Lost status Source of classification or shelving scheme Damaged status Not for loan Home library Current library Date acquired Source of acquisition Cost, normal purchase price Total Checkouts Full call number Barcode Date last seen Price effective from Koha item type
    Universal Decimal Classification     ВІЛ - Відділ іноземн. літератури НБ ВІЛ - Відділ іноземн. літератури НБ 16/04/2009 Акт №1 1.00   09 213459 20/12/2021 16/04/2009 Книги